000 00365nam a2200145Ia 4500
008 230718s9999 xx 000 0 und d
041 _aEng.
082 _a615.3
_bخال-ج
100 _aخالد ، اگر چوہدری
245 0 _aجموعہ ضابطہ دیوانی
260 _aPakistan
_bMansoor book
_c2009
300 _a936
650 _aLaw
999 _c29235
_d29235